ნორმალური ფორმატი
MARC ფორმატი
ჩანაწერი Corporate Name
ჩანაწერთა რაოდენობა, რომელიც გამოყენებულია: 1
001 - CONTROL NUMBER
- control field: 10805
003 - CONTROL NUMBER IDENTIFIER
- control field: GE_BSU
005 - DATE AND TIME OF LATEST TRANSACTION
- control field: 20210329162640.0
008 - FIXED-LENGTH DATA ELEMENTS
- fixed length control field: 210329|| aca||aabn | a|a d
040 ## - CATALOGING SOURCE
- Original cataloging agency: GE_BSU
- Transcribing agency: GE_BSU
110 ## - HEADING--CORPORATE NAME
- Corporate name or jurisdiction name as entry element: ბათუმის შოთა რუსთაველის სახელმწიფო უნ-ტი;
- Subordinate unit: განათლების ფაკულტეტი. პედაგოგიურ მეცნიერებათა დეპარტამენტი.
670 ## - SOURCE DATA FOUND
- Source citation: Work cat.: (GE_BSU)53595: ფუტკარაძე, ნანა 10802, მხატვრული ტექსტის ანალიზი, როგორც დაწყებითი კლასების მოსწავლეთა ინტელექტუალური განვითარების საშუალება /
